| 000 | 00890cam a2200265 a 4500 | ||
|---|---|---|---|
| 999 |
_c209 _d209 |
||
| 001 | 1125979 | ||
| 003 | OSt | ||
| 005 | 20180809154400.0 | ||
| 008 | 940818s1995 miu b 001 0 eng | ||
| 010 | _a 94034615 | ||
| 020 | _a0801077745 (pbk.) | ||
| 040 |
_aDLC _cDLC _dDLC |
||
| 050 | 0 | 0 |
_aBV4211.2 _b.R52 1995 |
| 082 | 0 | 0 |
_a251 _220 _bR511S |
| 100 | 1 |
_aRichard, Ramesh, _d1953- |
|
| 245 | 1 | 0 |
_aScripture sculpture : _ba do-it-yourself manual for biblical preaching / _cRamesh Richard. |
| 260 |
_aGrand Rapids, Mich. : _bBaker Books, _cc1995. |
||
| 300 |
_a215 p. ; _c23 cm. |
||
| 504 | _aIncludes bibliographical references (p. 213-214) and index. | ||
| 630 | 0 | 0 |
_aBible _xHomiletical use. |
| 650 | 0 | _aPreaching. | |
| 906 |
_a7 _bcbc _corignew _d1 _eocip _f19 _gy-gencatlg |
||
| 942 |
_2ddc _cBK |
||